Kazachstan (podział administracyjny Kazachstanu) - Mapa - Statystyki

Ogólne statystyki
  • Ten quiz został rozwiązany 152 razy
  • Średni wynik to 8 z 21
Odpowiedzi na mapie
Odpowiedzi zakodowano w zielono-czerwonej skali na mapie do tego quizu, zgodnie z poniższymi procentami.
 
Statystyki odpowiedzi
Obwód Stolica % Poprawnych
Astana
93%
Ałmaty
72%
aktiubiński Aktobe
47%
mangystauski Aktau
45%
atyrauski Atyrau
44%
Szymkent
42%
karagandyjski Karaganda
41%
północnokazachstański Pietropawłowsk
41%
zachodniokazachstański Uralsk
40%
ałmacki Konajew
38%
pawłodarski Pawłodar
38%
Bajkonur
35%
abajski Semej
33%
wschodniokazachstański Ust-Kamienogorsk
28%
akmolski Kokczetaw
27%
kyzyłordyński Kyzyłorda
27%
turkiestański Turkiestan
24%
żambylski Taraz
23%
żetysuski Tałdykorgan
23%
kustanajski Kustanaj
17%
ułytauski Żezkazgan
9%
Nie znaleziono quizów pasujących do podanych kryteriów
Rozkład punktacji
Procent ludzi z każdym wynikiem
Percentyl według liczby udzielonych odpowiedzi
Twoja historia wyników
Nie rozwiązałeś tego quizu